| 000 | 00527nam a2200169 i 4500 | ||
|---|---|---|---|
| 001 | 61797 | ||
| 003 | ES-MaACL | ||
| 005 | 20230906164538.0 | ||
| 007 | t| | ||
| 008 | 031113s1965 sp ||||1| spa d | ||
| 100 | 1 |
_aFarrington, Benjamín. _948903 |
|
| 245 | 1 | 0 |
_aCiencia y política en el mundo antiguo / _cBenjamín Farrington ; [traducción, Domingo Plácido Suárez]. |
| 260 |
_aMadrid : _bCiencia Nueva, _c[1965] |
||
| 300 |
_a217 p. ; _c22 cm. |
||
| 700 | 1 |
_aSuárez, Domingo Plácido. _9142590 |
|
| 852 | 4 |
_a BA _jC-28614 |
|
| 999 |
_c61797 _d61797 |
||